Claiming earth: race, rage, rape, redemption; blacks seeking a culture of enlightened empowerment

Gespeichert in:  
Bibliographische Detailangaben
1. VerfasserIn: Madhubuti, Haki R. 1942- (Verfasst von)
Medienart: Druck Buch
Sprache:Englisch
Veröffentlicht: Chicago, Ill. Third World Press 1994
In:Jahr: 1994
Ausgabe:1. ed., 1. print.
Bestand in Tübingen:In Tübingen vorhanden.
UB: KB 19 A 2644
Verfügbarkeit prüfen: HBZ Gateway
Subito Bestelldienst: Jetzt bestellen.

MARC

LEADER 00000cam a2200000 c 4500
001 1635626846
003 DE-627
005 20260206192254.0
007 tu
008 950215s1994 xx ||||| 00| ||eng c
010 |a  92063011  
020 |a 088378095X  |9 0-88378-095-X 
035 |a (DE-627)1635626846 
035 |a (DE-603)21237463X 
035 |a (DE-576)04370316X 
035 |a (DE-599)BSZ04370316X 
035 |a (OCoLC)30954035 
040 |a DE-627  |b ger  |c DE-627  |e rakwb 
041 |a eng 
082 0 |a 305.896073 
082 0 |a 305.896/073 
100 1 |a Madhubuti, Haki R.  |d 1942-  |0 (DE-588)12333800X  |0 (DE-627)171660722  |0 (DE-576)173368840  |4 aut 
109 |a Madhubuti, Haki R. 1942-  |a Lee, Don L. 1942- 
245 1 0 |a Claiming earth  |b race, rage, rape, redemption; blacks seeking a culture of enlightened empowerment  |c Haki R. Madhubuti 
250 |a 1. ed., 1. print. 
264 1 |a Chicago, Ill.  |b Third World Press  |c 1994 
300 |a V, 272 S. 
336 |a Text  |b txt  |2 rdacontent 
337 |a ohne Hilfsmittel zu benutzen  |b n  |2 rdamedia 
338 |a Band  |b nc  |2 rdacarrier 
583 1 |a Archivierung prüfen  |c 20200919  |f DE-640  |z 1  |2 pdager 
935 |h HEB  |i 0501 
935 |h HEB  |i 0503 
951 |a BO 
ELC |b 1 
LOK |0 000 xxxxxcx a22 zn 4500 
LOK |0 001 3292140765 
LOK |0 003 DE-627 
LOK |0 004 1635626846 
LOK |0 005 20011009000000 
LOK |0 008 950215||||||||||||||||ger||||||| 
LOK |0 040   |a DE-21  |c DE-627  |d DE-21 
LOK |0 852   |a DE-21 
LOK |0 852 1  |c KB 19 A 2644  |9 00 
LOK |0 935   |a krim 
LOK |0 936ln  |a k7.3.3.4 
LOK |0 939   |a 15-02-95  |b l01 
ORI |a SA-MARC-krimdoka001.raw 
SIG |a UB: KB 19 A 2644